000 01294nam0a22002771 4500
001 rc\4910901
005 20260406163645.0
021 _aRU
_b[60-61163]
035 _a(NLR Aleph) 008935055
090 _a8909582
_c8909582
100 _a20130426d1960 |||y0rusy50 ca
101 0 _arus
102 _aRU
105 _ay z |||||
200 1 _aФитонциды в медицине, сельском хозяйстве и пищевой промышленности
_e[Сборник докладов]
_f[Отв. ред. акад. В.Г. Дроботько]
_gАкад. наук УССР. Ин-т микробиологии им. акад. Д.К. Заболотного
210 _aКиев
_cИзд-во Акад. наук УССР
_d1960
215 _a198 с.
_cграф.
_d23
606 _aФитонциды
_jСборники
_2psbo
702 1 _aДороботько
_bВ.Г.
_gВиктор Григорьевич
_4340
712 0 2 _aИнститут микробиологии им. Д. К. Заболотного
_cКиев
_3RU\NLR\AUTH\889935056
_9365077
712 0 2 _aВсесоюзное совещание по проблеме фитонцидов (3; 1959; Киев)
801 0 _aRU
_bNLR
_gpsbo
801 1 _aRU
_bELAR
_2rusmarc
852 _aNLR
_j60-5/3911
942 _cBOOK
980 _aNB